| 000 | 00496cam a2200145 4500500 | ||
|---|---|---|---|
| 005 | 20251012030244.0 | ||
| 041 | _afre | ||
| 042 | _adc | ||
| 100 | 1 | 0 |
_aNivat, Georges _eauthor |
| 245 | 0 | 0 | _aJean Bonamour |
| 260 | _c2025. | ||
| 500 | _a33 | ||
| 786 | 0 | _nCahiers d'histoire russe, est-européenne, caucasienne et centrasiatique | 66 | 1-2 | 2025-04-10 | p. 313-316 | 3038-0979 | |
| 856 | 4 | 1 | _uhttps://shs.cairn.info/revue-cahiers-du-monde-russe-2025-1-page-313?lang=fr&redirect-ssocas=7080 |
| 999 |
_c1545193 _d1545193 |
||